00605cam a22001813a 450000100060000000300060000600500170001200800410002904000150007004200070008510000220009224501590011426000290027350600300030251600200033283000290035285600420038143935PGUSA20140828084012.0131011s2013||||xxu|||||s|||||000 | eng d aPGUSAbeng adc1 aKeese, William L.10aWilliam E. Burton :bActor, Author, and Manager : A Sketch of his Career with Recollections of his Performancesh[electronic resource] /cWilliam L. Keese bProject Gutenberg,c2013 aPublic domain in the USA. aElectronic text 0aProject Gutenbergv4393540uhttp://www.gutenberg.org/ebooks/43935